The review of economic studies

Bibliographic Details
Corporate Authors: Society for Economic Analysis, Economic Study Society
Format: Electronic Journal
Language:English
Published: London [England] : Review of Economic Studies, 1933-
Subjects:
Online Access:Full text available from Research Library: 10/01/1996 to 10/31/2006

MARC

LEADER 00000nas a2200000 a 4500
001 ssj0001887
003 WaSeSS
005 20200512172242.0
006 m d
007 cr n
008 990505c19339999enkqr pss 0 0eng c
010 |a sn 99023389  
015 |a GBB411923  |2 bnb 
016 7 |a 2009656-2  |2 DE-600 
016 7 |a 013132487  |2 Uk 
022 |a 1467-937X  |l 0034-6527  |y 0034-6527 
035 |a (WaSeSS)ssj0001887 
037 |b Blackwell Publishers Ltd., 108 Cowley Road, Oxford OX4 1JF, England 
040 |a EYM  |b eng  |c EYM  |d OCLCQ  |d F#A  |d CIT  |d GUA  |d OCLCQ  |d UKMGB  |d OCLCQ  |d OCLCF  |d OCLCO  |d OCLCQ  |d DEBBG  |d WT2  |d GILDS  |d OCLCQ  |d OCLCO  |d AU@  |d NJT  |d CGU  |d OCLCQ  |d OCLCO  |d WaSeSS 
042 |a pcc 
050 1 4 |a HB1 
082 0 4 |a 330 
130 0 |a Review of economic studies (Online) 
210 0 |a Rev. econ. stud.  |b (Online) 
222 4 |a The review of economic studies  |b (Online) 
245 1 4 |a The review of economic studies  |h [electronic resource]. 
260 |a London [England] :  |b Review of Economic Studies,  |c 1933- 
310 |a Quarterly,  |b 1964- 
321 |a Three no. a year,  |b 1933-1963 
362 0 |a Vol. 1, no. 1 (Oct. 1933)- 
500 |a Imprint varies. 
506 |a License restrictions may limit access. 
525 |a Has occasional special issues. 
538 |a Mode of access: World Wide Web. 
550 |a Issued Oct. 1958-Jan. 1972 by the Economic Study Society; Apr. 1972-Apr. 1988 by the Society for Economic Analysis. 
588 0 |a JSTOR World Wide Web homepage; title from title screen (viewed May 5, 1999). 
588 1 |a Vol. 64, no. 4 (Oct. 1997) (surrogate). 
650 0 |a Economics  |v Periodicals. 
650 7 |a Economics.  |2 fast  |0 (OCoLC)fst00902116 
655 0 |a Electronic journals. 
710 2 |a Society for Economic Analysis. 
710 2 |a Economic Study Society. 
776 0 8 |i Print version:  |t Review of economic studies  |x 0034-6527  |w (DLC) 35031091  |w (OCoLC)1639811 
856 4 0 |z Full text available from Research Library: 10/01/1996 to 10/31/2006  |u https://search.proquest.com/publication/40672